000 01628cpcaa2200361 a 4500
001 mm 82081729
003 DLC
005 20260227111716.0
008 820329|||||||||||| eng
010 _amm 82081729
040 _aDLC
_edacs
_cDLC
_dDLC
072 7 _aN
_2lcmd
110 2 _aBaring Brothers & Co.
245 0 0 _aBaring Brothers & Co. records,
_f1803-1833.
300 _a175
_fitems.
300 _a1
_fcontainer plus
_a1
_foversize.
300 _a0.5
_flinear feet.
506 0 _aOpen to research.
520 8 _aCorrespondence from Baring Brothers & Co. to the Bank of the United States and the U.S. Department of the Treasury. Also includes letter (22 May 1825) from Baring Brothers & Co. to LeRoy Bayard & Co (LeRoy, Bayard & McEvers), shipping firm of New York, N.Y.
545 1 _aLondon merchant bank founded in 1762 and reorganized in 1890 as Baring Brothers & Co. Ltd.
546 _aCollection material in English.
610 1 0 _aUnited States.
_bDepartment of the Treasury
_vCorrespondence.
610 2 0 _aBank of the United States (1816-1836)
_vCorrespondence.
610 2 0 _aLeRoy, Bayard & McEvers (New York, N.Y.)
_vCorrespondence.
650 0 _aBanks and banking
_zEngland
_zLondon.
650 0 _aBanks and banking
_zUnited States.
650 0 _aFinance, Public
_zUnited States.
650 0 _aShipping
_zNew York (State)
_zNew York.
999 _c43743
_d43743